000 01732nam a2200517 i 4500
001 6590
003 KOSZ 005
005 20191009134855.0
008 980702s1993 pl f f |001 0 pol
015 _aPB 1996/11313
020 _a8385515364
035 _a991004250509705066
035 _a(PL-WaBN)b11125962-48omnis_nlop
035 _ab11125962
035 _a(OCoLC)749965209
035 _a(PL)b0000001112596
035 _a(EXLNZ-48OMNIS_NETWORK)9910231152505606
040 _aWA N
_cWA N
_dKOSZ 005/EG
041 1 _apol
_heng
046 _k1993
080 _a004.43
080 _a(07)
100 1 _aHolzner, Steven
_eAutor
245 1 0 _aProgramowanie w Borland C++ :
_b[przewodnik po profesjonalnym programowaniu] /
_cSteven Holzner ; [tł. z ang. Robert Kozdrój].
246 1 _iTyt. oryg.:
_aBorland C++ programming,
_f1992
260 _aWarszawa :
_b"Intersoftland",
_c1993.
300 _a400 s. ;
_c24 cm +
_edysk optyczny (CD-ROM)
336 _2rdacontent
_aTekst
_btxt
337 _2rdamedia
_aBez urządzenia pośredniczącego
_bn
337 _2rdamedia
_aKomputer
_bc
338 _2rdacarrier
_aWolumin
_bnc
338 _2rdacarrier
_aDysk komputerowy
_bcd
380 _aKsiążki
380 _aPublikacje fachowe
388 _a1901-2000
388 _a1989-2000
504 _aIndeks.
650 7 _aC++ (język programowania)
_2DBN
655 7 _aPodręczniki
_2DBN
658 _aInformatyka i technologie informacyjne
700 1 _aKozdrój, Robert
_eTłumaczenie
710 2 _aIntersoftland
_4pbl
856 _uhttp://koha.tu.koszalin.pl/cgi-bin/koha/opac-detail.pl?biblionumber=6590
_yKatalog online BPK
942 _2UKD
_cKS
999 _c6590
_d6590